000
00249nam a2200109Ia 4500
008
220204s9999 xx 000 0 und d
100
_a
Black, M
245
0
_a
Plant growth
260
_a
London
_b
Heinemann
_c
1970
700
_a
Edelman, J
942
_c
BK
999
_c
23609
_d
23609